<?xml version="1.0" encoding="UTF-8"?>
<record
    xmlns:xsi="http://www.w3.org/2001/XMLSchema-instance"
    xsi:schemaLocation="http://www.loc.gov/MARC21/slim http://www.loc.gov/standards/marcxml/schema/MARC21slim.xsd"
    xmlns="http://www.loc.gov/MARC21/slim">

  <leader>02153nam a22003615i 4500</leader>
  <datafield tag="999" ind1=" " ind2=" ">
    <subfield code="c">29019</subfield>
    <subfield code="d">28990</subfield>
  </datafield>
  <controlfield tag="003">EG-ScBUE</controlfield>
  <controlfield tag="005">20201109151804.0</controlfield>
  <controlfield tag="008">200219s2006    cc     f      000 0 chi d</controlfield>
  <datafield tag="020" ind1=" " ind2=" ">
    <subfield code="a">9787802002388</subfield>
  </datafield>
  <datafield tag="040" ind1=" " ind2=" ">
    <subfield code="a">EG-ScBUE</subfield>
    <subfield code="b">eng</subfield>
    <subfield code="e">rda</subfield>
    <subfield code="c">EG-ScBUE</subfield>
    <subfield code="d">EG-ScBUE</subfield>
  </datafield>
  <datafield tag="041" ind1="1" ind2=" ">
    <subfield code="a">chi</subfield>
    <subfield code="a">ara</subfield>
    <subfield code="h">chi</subfield>
  </datafield>
  <datafield tag="043" ind1=" " ind2=" ">
    <subfield code="a">a-cc---</subfield>
  </datafield>
  <datafield tag="082" ind1="0" ind2="4">
    <subfield code="a">915.1</subfield>
    <subfield code="b">ZHO</subfield>
    <subfield code="2">22</subfield>
  </datafield>
  <datafield tag="245" ind1="0" ind2="0">
    <subfield code="a">&#x4E2D;&#x56FD;&#x5730;&#x7406;&#x5E38;&#x8BC6; :</subfield>
    <subfield code="b">(&#x4E2D;&#x963F;&#x5BF9;&#x7167;) = &#x646;&#x628;&#x630;&#x629; &#x639;&#x646; &#x62C;&#x63A;&#x631;&#x627;&#x641;&#x64A;&#x629; &#x627;&#x644;&#x635;&#x64A;&#x646; /</subfield>
    <subfield code="c">&#x56FD;&#x52D9;&#x9662;&#x4FA8;&#x52A1;&#x529E;&#x516C;&#x5BA4;, &#x56FD;&#x5BB6;&#x6C49;&#x8BED;&#x56FD;&#x9645;&#x63A8;&#x5E7F;&#x9886;&#x5BFC;&#x5C0F;&#x7EC4;&#x529E;&#x516C;&#x5BA4; = Zhongguo di li chang shi / Guo wu yuan qiao wu ban gong shi, Zhongguo hai wai jiao liu xie hui = Common knowledge about Chinese geography / The Overseas Chinese Affairs Office of the State Council, The Office of Chinese Language Council International.</subfield>
  </datafield>
  <datafield tag="246" ind1="3" ind2="1">
    <subfield code="a">&#x646;&#x628;&#x630;&#x629; &#x639;&#x646; &#x62C;&#x63A;&#x631;&#x627;&#x641;&#x64A;&#x629; &#x627;&#x644;&#x635;&#x64A;&#x646;</subfield>
  </datafield>
  <datafield tag="246" ind1="3" ind2="1">
    <subfield code="a">Zhongguo di li chang shi</subfield>
  </datafield>
  <datafield tag="246" ind1="3" ind2="1">
    <subfield code="a">Common knowledge about Chinese geography</subfield>
  </datafield>
  <datafield tag="246" ind1="3" ind2="0">
    <subfield code="a">Chinese geography</subfield>
  </datafield>
  <datafield tag="264" ind1=" " ind2="1">
    <subfield code="a">Beijing :</subfield>
    <subfield code="b">Sinolingua Press,</subfield>
    <subfield code="c">2006.</subfield>
  </datafield>
  <datafield tag="264" ind1=" " ind2="1">
    <subfield code="a">&#x5317;&#x4EAC; :</subfield>
    <subfield code="b">&#x534E;&#x8BED;&#x6559;&#x5B66;&#x51FA;&#x7248;&#x793E;,</subfield>
    <subfield code="c">2006.</subfield>
  </datafield>
  <datafield tag="300" ind1=" " ind2=" ">
    <subfield code="a">225 pages :</subfield>
    <subfield code="b">illustrations (color) ;</subfield>
    <subfield code="c">24 cm.</subfield>
  </datafield>
  <datafield tag="336" ind1=" " ind2=" ">
    <subfield code="a">text</subfield>
    <subfield code="b">txt</subfield>
    <subfield code="2">rdacontent</subfield>
  </datafield>
  <datafield tag="337" ind1=" " ind2=" ">
    <subfield code="a">unmediated</subfield>
    <subfield code="b">n</subfield>
    <subfield code="2">rdamedia</subfield>
  </datafield>
  <datafield tag="338" ind1=" " ind2=" ">
    <subfield code="a">volume</subfield>
    <subfield code="b">nc</subfield>
    <subfield code="2">rdacarrier</subfield>
  </datafield>
  <datafield tag="490" ind1=" " ind2=" ">
    <subfield code="a">&#x4E2D;&#x56FD;&#x5E38;&#x8BC6;&#x7CFB;&#x5217; =</subfield>
    <subfield code="a">Zhong guo chang shi xi lie =</subfield>
    <subfield code="a">Common knowledge about Chinese</subfield>
  </datafield>
  <datafield tag="520" ind1=" " ind2=" ">
    <subfield code="a">Language Chinese&amp;,Arabic ,This book is one of the Chinese teaching auxiliary book series edited by the common work of Beijing Chinese Language College (BCLC), NJNU(Nanjing Normal University) and Anhui Normal University; the editing of the series is advocated by the Overseas Chinese Affairs Office of the State Council. This series is for overseas Chinese youth to learn Chinese culture, history and geography knowledge in class or by self-study. It can also be used for parents to coach children.</subfield>
  </datafield>
  <datafield tag="546" ind1=" " ind2=" ">
    <subfield code="a">In Chinese and Arabic ; title also in Arabic.</subfield>
  </datafield>
  <datafield tag="651" ind1=" " ind2="7">
    <subfield code="a">China</subfield>
    <subfield code="x">Geography.</subfield>
    <subfield code="2">BUEsh</subfield>
  </datafield>
  <datafield tag="653" ind1=" " ind2=" ">
    <subfield code="b">HHUUCCHH</subfield>
    <subfield code="c">November2020</subfield>
  </datafield>
  <datafield tag="710" ind1="1" ind2=" ">
    <subfield code="a">China.</subfield>
    <subfield code="b">State Council. </subfield>
    <subfield code="b">Overseas Chinese Affairs Office.</subfield>
  </datafield>
  <datafield tag="710" ind1="2" ind2=" ">
    <subfield code="a">Office of Chinese Language Council International (China).</subfield>
  </datafield>
  <datafield tag="942" ind1=" " ind2=" ">
    <subfield code="2">ddc</subfield>
    <subfield code="c">BB</subfield>
  </datafield>
  <datafield tag="952" ind1=" " ind2=" ">
    <subfield code="0">0</subfield>
    <subfield code="1">0</subfield>
    <subfield code="2">ddc</subfield>
    <subfield code="4">0</subfield>
    <subfield code="7">0</subfield>
    <subfield code="8">Baccah</subfield>
    <subfield code="a">MAIN</subfield>
    <subfield code="b">MAIN</subfield>
    <subfield code="c">2ND</subfield>
    <subfield code="d">2020-11-09</subfield>
    <subfield code="e">Purchase</subfield>
    <subfield code="g">850.00</subfield>
    <subfield code="l">0</subfield>
    <subfield code="o">915.1 ZHO</subfield>
    <subfield code="p">000050064</subfield>
    <subfield code="r">2025-07-15 00:00:00</subfield>
    <subfield code="v">1062.50</subfield>
    <subfield code="w">2020-11-09</subfield>
    <subfield code="y">BB</subfield>
  </datafield>
</record>
